000 01901nam0a2200373 4500
001 RU\NLR\BIBL_A\011671882
005 20250402085857.0
010 _a978-5-91221-329-8
_91000
021 _aRU
_bКН-П-18-016620
_9КН-П-18-1198
035 _a(NLR Aleph) 011671882
035 _a(RuMoRGB)009563435
090 _a11241033
_c11241033
100 _a20180405d2018 k y0rusy50 ca
101 0 _arus
102 _aRU
105 _aa z 000zy
200 1 _aБиологические особенности и болезни кроликов
_eмонография
_fА. А. Шевченко, Л. В. Шевченко, Д. Ю. Зеркалев, О. Ю. Черных
_gМинистерство сельского хозяйства РФ, ФГБОУ ВО "Кубанский государственный аграрный университет имени И. Т. Трубилина"
210 _aКраснодар
_cКубГАУ
_d2018
215 _a199 с.
_cцв. ил.
_d20
320 _aБиблиогр.: с. 191-192 (19 назв.)
606 1 _aКролиководство
_91005857
_3RU\NLR\AUTH\66382207
606 1 _aКролики
_xБолезни
_91354135
_3RU\NLR\AUTH\66251281
686 _aП871.51,0
_2rubbk
686 1 _aП671
686 1 _aП871.51
701 1 _4070
_7ca
_8rus
_aШевченко
_bА. А.
_cд-р вет. наук
_f1950-
_gАлександр Алексеевич
_920137
_3RU\NLR\AUTH\7737148
701 1 _7ca
_8rus
_aШевченко
_bЛ. В.
_cветеринар
_gЛюдмила Васильевна
_947663
_3RU\NLR\AUTH\7764734
701 1 _aЗеркалев
_bД. Ю.
_gДмитрий Юрьевич
701 1 _7ca
_8rus
_aЧерных
_bО. Ю.
_f1966-
_gОлег Юрьевич
_947665
_3RU\NLR\AUTH\7764736
942 _cBOOK
980 _aNBR
980 _aNB